Statistiques concernant Les 50 animaux qui me viennent en tête

Cliquez ici pour prendre le quiz!

Statistiques générales

  • Ce quiz a été pris 1 439 fois
  • Le résultat moyen est 26 sur 50

Statistiques - réponses

HintRéponse% Correct
2chat
98%
1chien
98%
15lion
92%
41cheval
83%
14tigre
83%
17élephant
82%
36poisson
82%
9vache
82%
18cochon
79%
6lapin
77%
5oiseau
77%
46poule
75%
38girafe
74%
27souris
74%
35requin
73%
10chèvre
71%
12rat
71%
11serpent
71%
8mouton
70%
3ours
70%
26singe
70%
13loup
69%
37dauphin
63%
20hamster
60%
25zèbre
55%
24cerf
54%
16hippopotame
52%
45canard
49%
4panda
47%
39rhinocéros
46%
49panthère
38%
7lièvre
34%
21cochon d'inde
31%
31pingouin
31%
32phoque
30%
50loutre
26%
48gazelle
25%
22lama
25%
34otarie
24%
19Antilope
22%
40Buffle
22%
47manchot
22%
42poney
18%
30ours polaire
15%
29raton laveur
15%
44taupe
15%
28mouette
11%
23panda roux
11%
33morse
10%
43Toucan
5%

Distribution des résultats

Percentile par nombre de réponses

% des personnes avec chaque résultat

Votre développement - résultats

Vous n’avez pas pris ce quiz